[Event "Arber Seniors op 10th"]
[Site "Bodenmais"]
[Date "2023.08.06"]
[Round "2"]
[White "Kuppinger, Bernd"]
[Black "Hamlack, Heinz"]
[Result "0-1"]
[WhiteElo "1759"]
[BlackElo "2002"]
[PlyCount "120"]
[EventDate "2023.08.05"]
[EventType "swiss"]
[EventRounds "9"]
[EventCountry "GER"]
[SourceTitle "EXT 2024"]
[Source "ChessBase"]
[SourceDate "2023.10.10"]
[SourceVersion "1"]
[SourceVersionDate "2023.10.10"]
[SourceQuality "1"]

1. d4 Nf6 2. c4 e6 3. Nc3 Bb4 4. Qc2 0-0 5. a3 Bxc3+ 6. Qxc3 Ne4 7. Qc2 d5 8. Nf3 b6 9. Bf4 c5 10. e3 Bb7 11. Bd3 Nd7 12. 0-0 Rc8 13. Rac1 Ndf6 14. Qe2 Nh5 15. Bg3 Nhxg3 16. hxg3 Qe7 17. cxd5 exd5 18. dxc5 Nxc5 19. Rfd1 Ne4 20. Ba6 Rxc1 21. Rxc1 Nxg3 22. Qd3 Ne4 23. Bxb7 Qxb7 24. Nd4 Rc8 25. Rd1 g6 26. Nb5 a6 27. Nd4 b5 28. Ne2 Nf6 29. Qd4 Kg7 30. Nf4 Rc4 31. Qe5 Qc7 32. Qxf6+ Kxf6 33. Nxd5+ Ke6 34. Nxc7+ Rxc7 35. Rd2 Rc1+ 36. Kh2 a5 37. Kg3 f5 38. f4 Rf1 39. Rd8 Rb1 40. Rd2 Rc1 41. Kf2 h6 42. g3 g5 43. Kf3 g4+ 44. Kf2 h5 45. Kg2 Rc5 46. Kf2 b4 47. axb4 axb4 48. Ke1 b3 49. Kd1 Rc2 50. Rd8 Rxb2 51. Rh8 Rh2 52. Kc1 Kd5 53. Re8 Kc4 54. e4 fxe4 55. Rxe4+ Kd3 56. Re5 h4 57. gxh4 g3 58. Rg5 g2 59. Rg3+ Ke2 60. h5 Rh1+ 0-1

[Event "Arber Seniors op 10th"]
[Site "Bodenmais"]
[Date "2023.08.05"]
[Round "1"]
[White "Kuppinger, Bernd"]
[Black "Paus, Franz"]
[Result "1-0"]
[WhiteElo "1759"]
[BlackElo "1994"]
[PlyCount "53"]
[EventDate "2023.08.05"]
[EventType "swiss"]
[EventRounds "9"]
[EventCountry "GER"]
[SourceTitle "EXT 2024"]
[Source "ChessBase"]
[SourceDate "2023.10.10"]
[SourceVersion "1"]
[SourceVersionDate "2023.10.10"]
[SourceQuality "1"]

1. d4 Nf6 2. c4 g6 3. Nc3 d5 4. cxd5 Nxd5 5. e4 Nxc3 6. bxc3 Bg7 7. Bc4 0-0 8. h3 c5 9. Nf3 Nc6 10. Be3 Qa5 11. 0-0 Qxc3 12. Rc1 Qa3 13. dxc5 Na5 14. Bd5 e6 15. Bb3 Nxb3 16. axb3 Qa6 17. Qd6 Qc6 18. e5 Bd7 19. Rfd1 Qxd6 20. cxd6 Bc6 21. Bg5 Bxf3 22. gxf3 Bxe5 23. Be7 Rfe8 24. d7 Rxe7 25. Rc8+ Rxc8 26. dxc8Q+ Kg7 27. Rd7 1-0